000 00402nam a2200181Ia 4500
003 OSt
005 20230309154340.0
008 210210b1961 xxu||||| |||| 00| 0 eng d
040 _cAL
041 _aeng
082 _a320/515
100 _aSAMPURNANAND
_974856
245 _aIndian socialism
260 _bNot Mentioned
_c1961
690 _aSocialism
_974857
906 _a003154
942 _2ddc
_cBK
999 _c118491
_d118491